Important Countries according to ChatGPT - Statistics

General Stats
  • This quiz has been taken 129 times
  • The average score is 17 of 20
Answer Stats
Answer % Correct
United Kingdom
100%
United States
100%
China
97%
France
96%
Germany
96%
Russia
96%
India
95%
Canada
94%
Italy
94%
Brazil
93%
Mexico
93%
Japan
90%
Spain
88%
Australia
85%
South Korea
82%
Turkey
77%
Indonesia
69%
Saudi Arabia
66%
Iran
62%
Pakistan
52%
No matching quizzes found
Score Distribution
Percent of People with Each Score
Percentile by Number Answered
Your Score History
You have not taken this quiz